New York Knicks 2000's Starters - Statistics

General Stats
  • This quiz has been taken 247 times
    214 since last reset
  • The average score is 9 of 28
Answer Stats
Player Starts % Correct
Patrick Ewing 1
93%
Stephon Marbury 4
77%
Allan Houston 5
74%
Latrell Sprewell 4
69%
Larry Johnson 2
58%
Mark Jackson 1
49%
Wilson Chandler 1
48%
Marcus Camby 1
47%
David Lee 2
43%
Eddy Curry 3
41%
Charlie Ward 2
39%
Jamal Crawford 2
38%
Kurt Thomas 4
34%
Tim Thomas 1
33%
Antonio Davis 1
19%
Dikembe Mutombo 1
19%
Quentin Richardson 4
17%
Al Harrington 1
15%
Chris Duhon 1
15%
Othella Harrington 1
15%
Zach Randolph 1
15%
Malik Rose 1
13%
Jared Jeffries 1
9%
Channing Frye 1
8%
Nazr Mohammed 1
8%
Clarence Weatherspoon 1
5%
Howard Eisley 1
5%
Keith Van Horn 1
4%
No matching quizzes found
Score Distribution
Percent of People with Each Score
Percentile by Number Answered
Your Score History
You have not taken this quiz since the last reset